A TEXT BOOK OF AGRONOMY (Record no. 201503)
[ view plain ]
| 000 -LEADER | |
|---|---|
| fixed length control field | 00271nam a2200121Ia 4500 |
| 003 - CONTROL NUMBER IDENTIFIER | |
| control field | OSt |
| 005 - DATE AND TIME OF LATEST TRANSACTION | |
| control field | 20240822144932.0 |
| 040 ## - CATALOGING SOURCE | |
| Transcribing agency | LIBRARY OF CONGRESS |
| 050 ## - LIBRARY OF CONGRESS CALL NUMBER | |
| Classification number | S517 .I4 C433 2010 |
| 100 ## - MAIN ENTRY--PERSONAL NAME | |
| Personal name | CHANDRASEKARAN B. |
| 245 #2 - TITLE STATEMENT | |
| Title | A TEXT BOOK OF AGRONOMY |
| 942 ## - ADDED ENTRY ELEMENTS (KOHA) | |
| Koha item type | Long Loan Book |
| Source of classification or shelving scheme | Dewey Decimal Classification |
| Withdrawn status | Lost status | Source of classification or shelving scheme | Damaged status | Not for loan | Collection | Home library | Current library | Shelving location | Date acquired | Inventory number | Total checkouts | Full call number | Barcode | Date last seen | Date last checked out | Copy number | Price effective from | Koha item type |
|---|---|---|---|---|---|---|---|---|---|---|---|---|---|---|---|---|---|---|
| Library of Congress Classification | Science & Technology | Kisii University Library | Kisii University Library | On Display | 09/15/2023 | 40244 | 1 | S 517 .I4C433 2010 | 035968 | 04/29/2026 | 04/15/2026 | c.1 | 09/15/2023 | Long Loan Book | ||||
| Library of Congress Classification | Science & Technology | Kisii University Library | Kisii University Library | On Display | 08/22/2024 | 40245 | 1 | S 517 .I4C433 2010 | 014706 | 10/14/2024 | 10/04/2024 | C.2 | 08/22/2024 | Long Loan Book | ||||
| Library of Congress Classification | Science & Technology | Kisii University Library | Kisii University Library | On Display | 08/22/2024 | 40246 | S 517 .I4C433 2010 | 035775 | 08/22/2024 | C.3 | 08/22/2024 | Long Loan Book |